| 000 | 00486nam a2200205Ia 4500 | ||
|---|---|---|---|
| 003 | GCL | ||
| 008 | 140319s9999 xx 000 0 eng d | ||
| 040 |
_aGCL / _cGCL |
||
| 082 | 0 | 4 |
_a709.0344 _bP I |
| 100 | 1 | _aPOOL,PHOEBE | |
| 245 | 1 | 0 |
_aIMPRESSIONISM / _cPOOL,PHOEBE |
| 260 |
_a[S.N] : _bTHAMES AND HUDSON ، _c1994 |
||
| 300 | _a286 | ||
| 650 | 0 | 4 | _aARTS |
| 650 | 0 | 4 | _aPAINTING |
| 650 | 0 | 4 | _aIMPRESSIONISM |
| 650 | 0 | 4 | _aPAINTERS |
| 650 | 0 | 4 | _aIMPRESSIONISTS |
| 942 |
_2ddc _cBK |
||
| 999 |
_c23479 _d23479 |
||